<?xml version="1.0" encoding="UTF-8"?>
<record
    xmlns:xsi="http://www.w3.org/2001/XMLSchema-instance"
    xsi:schemaLocation="http://www.loc.gov/MARC21/slim http://www.loc.gov/standards/marcxml/schema/MARC21slim.xsd"
    xmlns="http://www.loc.gov/MARC21/slim">

  <leader>01023nam a22001937a 4500</leader>
  <controlfield tag="008">121101t        xxu||||| |||| 00| 0 eng d</controlfield>
  <datafield tag="020" ind1=" " ind2=" ">
    <subfield code="a">0072472340</subfield>
  </datafield>
  <datafield tag="050" ind1=" " ind2=" ">
    <subfield code="a">Z52.5.M52 O454</subfield>
  </datafield>
  <datafield tag="100" ind1=" " ind2=" ">
    <subfield code="a">O'Leary, Timothy J.</subfield>
  </datafield>
  <datafield tag="245" ind1=" " ind2=" ">
    <subfield code="a">Microsoft word 2002. /</subfield>
    <subfield code="c">Timothy J. O'Leary and Linda I. O'Leary</subfield>
  </datafield>
  <datafield tag="260" ind1=" " ind2=" ">
    <subfield code="a">Boston:</subfield>
    <subfield code="b">McGraw Hill,</subfield>
    <subfield code="c">c2002.</subfield>
  </datafield>
  <datafield tag="300" ind1=" " ind2=" ">
    <subfield code="a">xxviii, + various pagings:</subfield>
    <subfield code="b">ill.;</subfield>
    <subfield code="c">27cm.</subfield>
  </datafield>
  <datafield tag="500" ind1=" " ind2=" ">
    <subfield code="a">Includes index.</subfield>
  </datafield>
  <datafield tag="505" ind1=" " ind2=" ">
    <subfield code="a">Contents: Introduction to microsoft office XP: What is office XP? -- Common office XP features -- Overview of word 2002 -- Creating and editing a document -- Revising and refining a document -- Creating reports and tables -- Working together: word and your web browser -- Creating a newsletter -- Creating complex tables and merging documents -- Creating a web site -- Working together 2: linking and document collaboration.</subfield>
  </datafield>
  <datafield tag="650" ind1=" " ind2=" ">
    <subfield code="b">Microsoft FrontPage. </subfield>
    <subfield code="x">Web sites </subfield>
    <subfield code="x">Design. </subfield>
  </datafield>
  <datafield tag="650" ind1=" " ind2=" ">
    <subfield code="a">Web sites</subfield>
    <subfield code="x"> Authoring programs. </subfield>
  </datafield>
  <datafield tag="700" ind1=" " ind2=" ">
    <subfield code="a">O,Leary, Linda I.</subfield>
  </datafield>
  <datafield tag="942" ind1=" " ind2=" ">
    <subfield code="2">lcc</subfield>
    <subfield code="c">BK</subfield>
  </datafield>
  <datafield tag="999" ind1=" " ind2=" ">
    <subfield code="c">2476</subfield>
    <subfield code="d">9976</subfield>
  </datafield>
  <datafield tag="952" ind1=" " ind2=" ">
    <subfield code="0">0</subfield>
    <subfield code="1">0</subfield>
    <subfield code="2">lcc</subfield>
    <subfield code="4">0</subfield>
    <subfield code="7">0</subfield>
    <subfield code="a">WIUC-1</subfield>
    <subfield code="b">WIUC-1</subfield>
    <subfield code="c">GEN</subfield>
    <subfield code="d">2012-11-01</subfield>
    <subfield code="l">0</subfield>
    <subfield code="o">Z52.5.M52 O454</subfield>
    <subfield code="p">5632/12</subfield>
    <subfield code="r">2012-11-01 00:00:00</subfield>
    <subfield code="w">2012-11-01</subfield>
    <subfield code="y">BK</subfield>
  </datafield>
</record>
